Which County in England...? - Statistics

General Stats
  • This quiz has been taken 571 times
  • The average score is 15 of 20
Answer Stats
Question Answer % Correct
Which county has a border with only one other county? Cornwall
94%
In which county is the Lake District National Park? Cumbria
90%
In which county can 'John Lennon Airport' be found? Merseyside
88%
Where do you need to go to visit Sherwood Forest? Nottinghamshire
88%
What county has Oakham as its county town? Rutland
88%
Which county has a city with football teams called United and Wednesday? South Yorkshire
85%
In which county is Cheddar, which gave its name to a popular cheese? Somerset
84%
Which county is home to William Shakespeare's birthplace? Warwickshire
82%
Where is the Black Country? West Midlands
81%
In which county is the seaport of Cowes? Isle of Wight
79%
Where can you find the 'Potteries'? Staffordshire
78%
Canvey Island is part of which county? Essex
76%
In which county could you find the city of 'Cottonopolis'? Greater Manchester
73%
Which county is known as the 'Garden of England'? Kent
73%
Which county has North Yorkshire on its southern border? County Durham
72%
Where is the Forest of Dean and the major part of the Cotswolds? Gloucestershire
72%
The Wash is a large bay bordered by Norfolk and which other county? Lincolnshire
67%
In which county is the town of Great Yarmouth? Norfolk
66%
Which county is home to the cathedral with Britain's tallest spire? Wiltshire
55%
In which county does the River Test reach the sea? Hampshire
51%
No matching quizzes found
Score Distribution
Percent of People with Each Score
Percentile by Number Answered
Your Score History
You have not taken this quiz